Strength of meterials (Record no. 165654)

000 -LEADER
fixed length control field 00342nam a2200133Ia 4500
008 - FIXED-LENGTH DATA ELEMENTS--GENERAL INFORMATION
fixed length control field 220217s9999||||xx |||||||||||||| ||und||
082 ## - DEWEY DECIMAL CLASSIFICATION NUMBER
Classification number 620.112 BAS
100 ## - MAIN ENTRY--PERSONAL NAME
Personal name Basavarajaiah, B.S Mahadevappa, P
245 #0 - TITLE STATEMENT
Title Strength of meterials
250 ## - EDITION STATEMENT
Edition statement 2nd
260 ## - PUBLICATION, DISTRIBUTION, ETC.
Place of publication, distribution, etc. CBS publishers
Name of publisher, distributor, etc. New Delhi
Date of publication, distribution, etc. 1994
300 ## - PHYSICAL DESCRIPTION
Other physical details 75
650 ## - SUBJECT ADDED ENTRY--TOPICAL TERM
Topical term or geographic name entry element CIVIL
Holdings
Withdrawn status Lost status Damaged status Not for loan Collection code Home library Current library Shelving location Date acquired Full call number Barcode Date last seen Price effective from Koha item type
        Civil Engineering Central Library Central Library Book Cart 02/18/2022 620.112 BAS 843 02/18/2022 02/18/2022 Books

Powered by Koha